Sports Quiz

Random Sports or NFL Quiz

NFL Head Coaches by Picture Quiz Stats

Quiz not verified by Sporcle

Also try: NBA 30 PPG Seasons
Challenge
Share
Tweet
Score 0/32 Timer 08:00
0 Plays Today
% Correct
Rex Ryan
95.3%
John Harbaugh
94.3%
Jason Garrett
93.4%
Pete Carroll
92.9%
Andy Reid
91.9%
Ron Rivera
91.9%
Mike Tomlin
91.5%
Mike McCarthy
91.5%
Sean Payton
91%
Ben McAdoo
90%
Bill Belichick
89.1%
Marvin Lewis
88.2%
John Fox
87.7%
Jeff Fisher
87.7%
Chuck Pagano
86.7%
Doug Pederson
85.3%
% Correct
Jay Gruden
84.8%
Bruce Arians
84.8%
Jim Caldwell
82.9%
Jack Del Rio
80.6%
Bill O'Brien
80.1%
Dirk Koetter
79.6%
Hue Jackson
79.1%
Gary Kubiak
79.1%
Todd Bowles
78.2%
Chip Kelly
75.4%
Mike Zimmer
74.4%
Dan Quinn
71.6%
Adam Gase
68.7%
Gus Bradley
66.4%
Mike McCoy
64.9%
Mike Mularkey
58.8%

You're not logged in!

Compare scores with friends on all Sporcle quizzes.
Sign Up with Email
OR
Log In

You Might Also Like...

Show Comments

Extras

Top Quizzes Today


Score Distribution

Your Account Isn't Verified!

In order to create a playlist on Sporcle, you need to verify the email address you used during registration. Go to your Sporcle Settings to finish the process.